• 首页
  • 本馆介绍
  • 公告通知
  • 最新文献
  • 馆藏检索
  • 电子资源
  • 读者导购
  • 参考咨询
  • 我的图书馆
  • 登录
  • 详细信息显示
  • 放入我的书架
  • 预约/预借图书
  • 作者相关作品
  • 分类相关作品
  • 丛书相关作品
  • 出版社相关作品

书目信息

  • 表格格式
  • 工作单格式
  • 卡片格式
题名:
人口、资源与环境经济学
    
 
作者: 邓宏兵 , 张毅 主编
分册:  
出版信息: 北京   科学出版社  2005
页数: 222页
开本: 24cm
丛书名:
单 册:
中图分类: F062.1 , C92-05 , X196
科图分类:
主题词: 人口经济学--高等学校--教材 , 资源经济学--高等学校--教材 , 人口经济学 , 资源经济学 , 环境经济学--高等学校--教材 , 环境经济学 , 环境经济学
电子资源:
ISBN: 7-03-015695-1
000 01191nam0 2200361 450
000 01148nam0 2200337 450
000 01079nam0 2200313 450
000 01043nam0 2200301 45
005 20070525111442.65
010    @a7-03-015695-1@dCNY22.00
100    @a19961012d1996 ekmy0chiy0120 ea
101 0  @achi
102    @aCN@b110000
105    @ay z 000yy
200 1  @a人口、资源与环境经济学@ARen Kou、 Zi Yuan Yu Huan Jing Jing Ji Xue@f邓宏兵,张毅主编@FDeng Hong Bing, Zhang Yi Zhu Bian
210    @a北京@c科学出版社@d2005
215    @a222页@d24cm
300    @a21世纪高等院校教材
330    @a本书共分为五章,主要内容包括绪论,人口问题的经济分析,资源需求与供给的经济分析,环境问题的经济分析以及区域经济可持续发展等。
606 0  @a人口经济学@x高等学校@j教材
606 0  @a资源经济学@x高等学校@j教材
606 0  @a人口经济学
606 0  @a资源经济学
606 0  @a环境经济学@x高等学校@j教材
606 0  @a环境经济学
606 0  @a环境经济学
690    @aF062.1@v4
690    @aC92-05@v4
690    @aX196@v3
701  0 @a邓宏兵@ADeng Hong Bing@4主编
701  0 @a张毅@AZhang Yi@c(环境科学)@4主编
801  0 @aCN@bTAOJIN@c20070525
905    @a10447@dX196@e110
    
    人口、资源与环境经济学/邓宏兵,张毅主编.-北京:科学出版社,2005
    222页;24cm
    21世纪高等院校教材
    
    ISBN 7-03-015695-1:CNY22.00
    本书共分为五章,主要内容包括绪论,人口问题的经济分析,资源需求与供给的经济分析,环境问题的经济分析以及区域经济可持续发展等。
●
相关链接 在E读中查询图书 在五车中查询图书 在当当中查询图书 在豆瓣中查询图书


正题名:人口、资源与环境经济学     索取号:X196/110         预约/预借

序号 登录号 条形码 馆藏地/架位号 状态 备注
1 0522421   205224210   第二样本阅览室/ [索取号:X196/110] 在馆    
2 0522422   205224229   第三借阅区/ [索取号:X196/110] 在馆    
唐山师范学院图书馆 欢迎您!
大连网信软件有限公司© 版权所有